000 00800nam a2200241 i 4500
001 bg
100 1 _aSUCHOCKI, Janusz
245 1 0 _aTesty ćwiczeniowe z języka niemieckiego :
_bGelernt ist Gelernt /
_cJanusz Suchocki.
260 _aBiałystok :
_bPolitechnika Białostocka,
_c2004.
300 _a164, [1] s. ;
_c23 cm.
500 _aPrzedm. pol. Spis treści równol. pol., niem.
650 9 _aJęzyk niemiecki
655 _aĆwiczenia i zadania
015 _aPB 14023/2004
020 _a8388229605
040 _cBPK
041 0 _ager
080 _a811.112.2(076)
920 _a83-88229-60-5
942 _cKS
008 s pl f |000 0 pol
999 _c46411
_d46411
856 _uhttp://koha.tu.koszalin.pl/cgi-bin/koha/opac-detail.pl?biblionumber=46411
_yKatalog online BPK